Brand Logos A-Z - Statistics

General Stats
  • This quiz has been taken 887 times
  • The average score is 13 of 26
Answer Stats
Picture Answer % Correct
Ford
93%
Lego
89%
Lexus
86%
amazon
85%
Warner Brothers
84%
Snickers
82%
Adobe
76%
Playstation
74%
Nestle
65%
Rockstar
56%
Canon
54%
Unilever
54%
GMC
49%
KFC
49%
Dell
48%
Juventus Turin
44%
Xerox
43%
Tennessee Titans
42%
bing
38%
Vegas Golden Knights
27%
Lidl
23%
Makita
19%
Audi
6%
Quicksilver
6%
Helly Hansen
5%
Yves Rocher
3%
No matching quizzes found
Score Distribution
Percent of People with Each Score
Percentile by Number Answered
Your Score History
You have not taken this quiz